000
00210nam a22000857a 4500
999
_c
11816
_d
11816
008
200225b ||||| |||| 00| 0 eng d
100
_a
Freeman Don
_9
7495
245
_a
Corduroy
260
_a
New York
_b
The Viking Press